000
00311 a2200109 4500
001
ART_42023
005
20260410161815.0
008
260409a
245
1
0
_a
¿Cómo leer filosofía política?
100
1
_a
D'Auria, Aníbal
773
0
_t
Academia
_g
- Año 2, Nº 4 (sep./dic. 2004)
_w
REV4314
999
_c
21813
_d
21813